[Event "Ceske Budejovice op-A"]
[Site "Ceske Budejovice"]
[Date "2020.07.02"]
[Round "2"]
[White "Perkampus, Laurin"]
[Black "Frank, Emanuel"]
[Result "1/2-1/2"]
[WhiteElo "2096"]
[BlackElo "2271"]
[PlyCount "120"]
[EventDate "2020.07.01"]
[EventType "swiss"]
[EventRounds "9"]
[EventCountry "CZE"]
[SourceTitle "CBM 197 Extra"]
[Source "ChessBase"]
[SourceDate "2020.09.30"]
[SourceVersion "1"]
[SourceVersionDate "2020.09.30"]
[SourceQuality "1"]

1. d4 d5 2. c4 e6 3. Nc3 Nf6 4. Nf3 a6 5. Bf4 dxc4 6. a4 Bb4 7. e3 Nd5 8. Qc2 Nxf4 9. exf4 Nc6 10. Rd1 b5 11. Be2 Ne7 12. Ne5 Bb7 13. 0-0 Bxc3 14. Qxc3 Nd5 15. Qg3 Qf6 16. f5 exf5 17. Rfe1 0-0-0 18. axb5 axb5 19. b3 c3 20. Bxb5 Rd6 21. Nc4 Re6 22. Ne5 Rd8 23. Bc4 c2 24. Rc1 Qe7 25. Qxg7 Re8 26. Bd3 f6 27. Qxe7 R8xe7 28. Bxf5 fxe5 29. Rxe5 Kd7 30. Rce1 Nf4 31. g3 c1Q 32. Rxc1 Ng6 33. Bxe6+ Rxe6 34. Rxe6 Kxe6 35. Rxc7 Bd5 36. b4 Ne7 37. b5 Kd6 38. Rc5 Nf5 39. Rc8 Nxd4 40. b6 h5 41. h3 Nf3+ 42. Kf1 Bc4+ 43. Kg2 Ne1+ 44. Kg1 Nf3+ 45. Kh1 Ne5 46. f4 Bd5+ 47. Kg1 Nd7 48. Rh8 Nxb6 49. Rh6+ Kc5 50. Rxh5 Kd4 51. Kf2 Nd7 52. g4 Nf6 53. Rf5 Ne4+ 54. Kg1 Ng3 55. Rf8 Ke3 56. f5 Ne2+ 57. Kh2 Kf2 58. Rd8 Ng3 59. Rxd5 Nf1+ 60. Kh1 Ng3+ 1/2-1/2

[Event "AUT-ch Zwisch Internet"]
[Site "Playchess.com INT"]
[Date "2020.05.02"]
[Round "9"]
[White "Frank, Emanuel"]
[Black "Fuchs, Georg"]
[Result "1-0"]
[WhiteElo "2271"]
[BlackElo "2234"]
[PlyCount "117"]
[EventDate "2020.05.02"]
[EventType "swiss (blitz)"]
[EventRounds "13"]
[EventCountry "AUT"]
[SourceTitle "CBM 195 Extra"]
[Source "ChessBase"]
[SourceDate "2020.05.31"]
[SourceVersion "1"]
[SourceVersionDate "2020.05.31"]
[SourceQuality "1"]

1. d4 d5 2. c4 c6 3. cxd5 cxd5 4. Bf4 Nc6 5. e3 Nf6 6. Nc3 Bf5 7. Qb3 e5 8. dxe5 Nb4 9. Rc1 Nh5 10. Bb5+ Bd7 11. Be2 Nxf4 12. exf4 Be7 13. Nf3 0-0 14. a3 Nc6 15. Nxd5 Be6 16. Nxe7+ Qxe7 17. Qe3 Na5 18. 0-0 Nb3 19. Rc3 Na5 20. Rfc1 Rfd8 21. Rc7 Qf8 22. Nd4 Bd5 23. b4 Nc6 24. Nxc6 bxc6 25. Rxa7 Rxa7 26. Qxa7 Ra8 27. Qc5 g5 28. Qxf8+ Kxf8 29. Rc3 gxf4 30. g3 fxg3 31. hxg3 Ke7 32. f4 Rg8 33. Kf2 Ke6 34. a4 Kf5 35. Bf3 Ra8 36. Bxd5 cxd5 37. a5 Ke4 38. Rc7 Rb8 39. Rxf7 Rxb4 40. g4 Rb2+ 41. Kg3 h6 42. e6 Rb3+ 43. Kh4 Kf3 44. Kh5 Re3 45. e7 d4 46. a6 d3 47. a7 d2 48. a8Q+ Kg3 49. Qh1 Re1 50. Qh4+ Kg2 51. e8Q Rxe8 52. Rd7 Re2 53. Rxd2 Rxd2 54. g5 hxg5 55. Qxg5+ Kf3 56. f5 Rh2+ 57. Kg6 Rg2 58. Qxg2+ Kxg2 59. f6 1-0

[Event "AUT-ch Zwisch Internet"]
[Site "Playchess.com INT"]
[Date "2020.05.02"]
[Round "1"]
[White "Frank, Emanuel"]
[Black "Polterauer, Chiara"]
[Result "1-0"]
[WhiteElo "2271"]
[BlackElo "2178"]
[PlyCount "111"]
[EventDate "2020.05.02"]
[EventType "swiss (blitz)"]
[EventRounds "13"]
[EventCountry "AUT"]
[SourceTitle "CBM 195 Extra"]
[Source "ChessBase"]
[SourceDate "2020.05.31"]
[SourceVersion "1"]
[SourceVersionDate "2020.05.31"]
[SourceQuality "1"]

1. d4 Nf6 2. c4 c5 3. d5 e6 4. Nc3 exd5 5. cxd5 d6 6. e4 g6 7. f4 Bg7 8. Bb5+ Nfd7 9. a4 0-0 10. Nf3 Na6 11. 0-0 Nb4 12. Re1 a6 13. Bc4 Nb6 14. Bf1 Bg4 15. Be2 f5 16. a5 fxe4 17. Nxe4 Nc8 18. Nfg5 Bf5 19. Ne6 Bxe6 20. dxe6 Qe7 21. Bg4 d5 22. Ng3 Nd6 23. Bd2 Nd3 24. Rf1 Nxb2 25. Qc2 Nbc4 26. Rae1 Nxd2 27. Qxd2 Bd4+ 28. Kh1 Nc4 29. Qd3 Nb2 30. Qc2 Rac8 31. f5 Rf6 32. fxg6 hxg6 33. Rxf6 Qxf6 34. Rf1 Qg5 35. h3 Re8 36. Rf7 Nc4 37. Rxb7 Bg7 38. e7 Ne3 39. Qb3 Nxg4 40. hxg4 Qh4+ 41. Kg1 Rxe7 42. Qxd5+ Kh7 43. Rxe7 Qxe7 44. g5 Qe1+ 45. Kh2 Qe5 46. Qc4 Qc7 47. Kh3 Qd7+ 48. Kh2 Qd6 49. Kh3 Kh8 50. Qf7 Qf4 51. Qxf4 Kh7 52. Qh4+ Kg8 53. Qc4+ Kh7 54. Qxc5 Kh8 55. Qb6 Kh7 56. Qxa6 1-0

[Event "AUT-ch Zwisch Internet"]
[Site "Playchess.com INT"]
[Date "2020.05.02"]
[Round "4"]
[White "Frank, Emanuel"]
[Black "Wiedermann, Daniel"]
[Result "0-1"]
[WhiteElo "2271"]
[BlackElo "2048"]
[PlyCount "80"]
[EventDate "2020.05.02"]
[EventType "swiss (blitz)"]
[EventRounds "13"]
[EventCountry "AUT"]
[SourceTitle "CBM 195 Extra"]
[Source "ChessBase"]
[SourceDate "2020.05.31"]
[SourceVersion "1"]
[SourceVersionDate "2020.05.31"]
[SourceQuality "1"]

1. d4 Nf6 2. Nf3 g6 3. Nbd2 d5 4. e3 Bg7 5. Bd3 0-0 6. b3 c5 7. Bb2 cxd4 8. exd4 Nc6 9. 0-0 Bg4 10. h3 Bf5 11. Bxf5 gxf5 12. Ne5 Ne4 13. Ndf3 Rc8 14. a3 e6 15. Qd3 Qe8 16. Rfd1 f6 17. Nxc6 Qxc6 18. Rac1 Qb6 19. Ba1 Bh6 20. Rb1 Qc7 21. c4 dxc4 22. bxc4 b6 23. d5 e5 24. Nh4 Qc5 25. Qf3 Nd6 26. Nxf5 Nxf5 27. Qxf5 Qxc4 28. d6 Rcd8 29. Rb4 Qc6 30. Rg4+ Bg7 31. Qe6+ Rf7 32. Bxe5 fxe5 33. Qxe5 Qd7 34. Re1 Kh8 35. Rxg7 Rxg7 36. Qf6 Rdg8 37. Re7 Qd8 38. d7 Qxe7 39. Qxe7 Rxe7 40. d8Q Rxd8 0-1

[Event "AUT-ch Zwisch Internet"]
[Site "Playchess.com INT"]
[Date "2020.05.02"]
[Round "7"]
[White "Guetz, Wolfgang"]
[Black "Frank, Emanuel"]
[Result "0-1"]
[WhiteElo "2078"]
[BlackElo "2271"]
[PlyCount "52"]
[EventDate "2020.05.02"]
[EventType "swiss (blitz)"]
[EventRounds "13"]
[EventCountry "AUT"]
[SourceTitle "CBM 195 Extra"]
[Source "ChessBase"]
[SourceDate "2020.05.31"]
[SourceVersion "1"]
[SourceVersionDate "2020.05.31"]
[SourceQuality "1"]

1. e4 e5 2. Nf3 Nc6 3. d4 exd4 4. Nxd4 Nf6 5. Nxc6 bxc6 6. e5 Qe7 7. Qe2 Nd5 8. c4 Ba6 9. b3 0-0-0 10. f4 g5 11. Qf2 Nxf4 12. Bxf4 gxf4 13. Qxa7 Qxe5+ 14. Be2 Bb7 15. 0-0 Bc5+ 16. Qxc5 Qxc5+ 17. Kh1 Qe3 18. Bf3 c5 19. Na3 Rhe8 20. Nb5 Bxf3 21. gxf3 Rg8 22. Rae1 Qd3 23. Rf2 Rg6 24. a4 Rdg8 25. a5 Qxb3 26. a6 Rxa6 0-1

[Event "AUT-ch Zwisch Internet"]
[Site "Playchess.com INT"]
[Date "2020.05.02"]
[Round "8"]
[White "Meglitsch, Konstantin"]
[Black "Frank, Emanuel"]
[Result "0-1"]
[WhiteElo "2041"]
[BlackElo "2271"]
[PlyCount "146"]
[EventDate "2020.05.02"]
[EventType "swiss (blitz)"]
[EventRounds "13"]
[EventCountry "AUT"]
[SourceTitle "CBM 195 Extra"]
[Source "ChessBase"]
[SourceDate "2020.05.31"]
[SourceVersion "1"]
[SourceVersionDate "2020.05.31"]
[SourceQuality "1"]

1. e4 e5 2. Nf3 Nc6 3. Bb5 a6 4. Ba4 Nf6 5. 0-0 Be7 6. Re1 b5 7. Bb3 d6 8. c3 0-0 9. h3 Na5 10. Bc2 c5 11. d4 Qc7 12. a4 Bd7 13. d5 Nb7 14. Nbd2 c4 15. Nf1 Nc5 16. axb5 axb5 17. Rxa8 Rxa8 18. Ng3 g6 19. Be3 Ne8 20. Nh2 h5 21. f4 h4 22. Ngf1 exf4 23. Bxf4 Qc8 24. e5 dxe5 25. Bxe5 Bd6 26. Qf3 Bxe5 27. Rxe5 Nd6 28. Qf4 Nf5 29. Ng4 Nd3 30. Bxd3 cxd3 31. Nf6+ Kg7 32. Ng4 Ra6 33. Nfe3 d2 34. Nxf5+ Bxf5 35. Qh6+ Kg8 36. Qxd2 Bxg4 37. hxg4 Qxg4 38. Re8+ Kg7 39. d6 Kh7 40. d7 Ra1+ 41. Re1 Rxe1+ 42. Qxe1 Qxd7 43. Qxh4+ Kg7 44. Kf2 Qd2+ 45. Kf3 Qxb2 46. Qd4+ Kg8 47. g4 Qb3 48. Qd8+ Kh7 49. Qd4 Qe6 50. g5 Qc6+ 51. Ke3 Qe6+ 52. Kd2 Qh3 53. Qf6 Qf5 54. Qc6 Qxg5+ 55. Kc2 Qf5+ 56. Kb2 g5 57. Qh1+ Kg7 58. Qc6 g4 59. Qg2 Qf3 60. Qh2 g3 61. Qh4 f6 62. Qd4 g2 63. Qd7+ Kg6 64. Qe8+ Kg5 65. Qg8+ Kf4 66. Qb8+ Kg4 67. Qg8+ Kf4 68. Qb8+ Ke3 69. Qb6+ Kd2 70. Qd4+ Ke1 71. Qg1+ Qf1 72. Qe3+ Qe2+ 73. Qxe2+ Kxe2 0-1

[Event "AUT-ch Zwisch Internet"]
[Site "Playchess.com INT"]
[Date "2020.05.02"]
[Round "5"]
[White "Streiter, Gerhard"]
[Black "Frank, Emanuel"]
[Result "0-1"]
[WhiteElo "1964"]
[BlackElo "2271"]
[PlyCount "38"]
[EventDate "2020.05.02"]
[EventType "swiss (blitz)"]
[EventRounds "13"]
[EventCountry "AUT"]
[SourceTitle "CBM 195 Extra"]
[Source "ChessBase"]
[SourceDate "2020.05.31"]
[SourceVersion "1"]
[SourceVersionDate "2020.05.31"]
[SourceQuality "1"]

1. e4 e5 2. Bc4 Nc6 3. Nf3 Nf6 4. d3 Be7 5. 0-0 0-0 6. Re1 d6 7. a4 Be6 8. Nbd2 Qd7 9. c3 h6 10. a5 a6 11. b4 Rfe8 12. Qb3 Bf8 13. d4 exd4 14. Nxd4 Nxd4 15. cxd4 d5 16. exd5 Bxd5 17. Nf3 Rxe1+ 18. Nxe1 Qe6 19. Bxd5 Qxe1# 0-1

[Event "AUT-ch Vor3 Internet"]
[Site "Playchess.com INT"]
[Date "2020.04.17"]
[Round "5"]
[White "Frank, Emanuel"]
[Black "Pernerstorfer, Max"]
[Result "1-0"]
[WhiteElo "2271"]
[BlackElo "1985"]
[PlyCount "79"]
[EventDate "2020.04.17"]
[EventType "swiss (blitz)"]
[EventRounds "9"]
[EventCountry "AUT"]
[SourceTitle "CBM 195 Extra"]
[Source "ChessBase"]
[SourceDate "2020.05.31"]
[SourceVersion "1"]
[SourceVersionDate "2020.05.31"]
[SourceQuality "1"]

1. d4 Nf6 2. c4 c5 3. d5 e6 4. Nc3 exd5 5. cxd5 d6 6. Nf3 g6 7. g3 Bg7 8. Bg2 0-0 9. 0-0 a6 10. a4 Re8 11. Bf4 Nh5 12. Bg5 Qc7 13. h3 Nd7 14. Rc1 Rb8 15. Re1 b5 16. axb5 axb5 17. b4 c4 18. Nd4 Ba6 19. g4 Nhf6 20. Bf4 Ne5 21. Ra1 Rb6 22. Nc6 Nxc6 23. dxc6 Rd8 24. Rxa6 Rxa6 25. Nxb5 Qb6 26. Nxd6 Qxb4 27. c7 Rf8 28. c8Q Rxc8 29. Nxc8 Bf8 30. Qb1 Qa5 31. Rc1 Qc5 32. Qb7 Ra2 33. Be3 Qa5 34. Ne7+ Kg7 35. Nc6 Qa3 36. Ne5 Qe7 37. Qxe7 Bxe7 38. Nxc4 Ra8 39. Bd4 Ra4 40. g5 1-0

[Event "AUT-ch Vor3 Internet"]
[Site "Playchess.com INT"]
[Date "2020.04.17"]
[Round "3"]
[White "Sadilek, Peter"]
[Black "Frank, Emanuel"]
[Result "1-0"]
[WhiteElo "2340"]
[BlackElo "2271"]
[PlyCount "113"]
[EventDate "2020.04.17"]
[EventType "swiss (blitz)"]
[EventRounds "9"]
[EventCountry "AUT"]
[SourceTitle "CBM 195 Extra"]
[Source "ChessBase"]
[SourceDate "2020.05.31"]
[SourceVersion "1"]
[SourceVersionDate "2020.05.31"]
[SourceQuality "1"]

1. d4 d5 2. Nf3 Nf6 3. c4 e6 4. g3 Bb4+ 5. Bd2 Bd6 6. Bg2 c6 7. Nc3 dxc4 8. e4 Be7 9. 0-0 Nbd7 10. Bf4 b5 11. d5 exd5 12. exd5 cxd5 13. Nxb5 0-0 14. Nc7 Rb8 15. Nxd5 Nxd5 16. Qxd5 Rxb2 17. Qxc4 Rb4 18. Qc2 Qb6 19. Be3 Qg6 20. Qxg6 hxg6 21. Bxa7 Bf6 22. Rac1 Ra4 23. Be3 Rxa2 24. Ng5 Ne5 25. Ne4 Bg4 26. Nxf6+ gxf6 27. h3 Bf3 28. Bd4 Bxg2 29. Kxg2 Rd2 30. Bc3 Re2 31. Rfe1 Rxe1 32. Rxe1 Nd7 33. Re7 Rd8 34. h4 Kf8 35. Bb4 Kg7 36. g4 Nf8 37. g5 fxg5 38. hxg5 Rd7 39. Bc3+ Kg8 40. Re8 Rb7 41. Bd4 f5 42. Bc5 Rf7 43. Kf3 Kg7 44. Bxf8+ Rxf8 45. Rxf8 Kxf8 46. Kf4 Kf7 47. Ke5 Ke7 48. f3 Kf7 49. Kd6 f4 50. Ke5 Ke7 51. Kxf4 Kd6 52. Ke4 Ke6 53. f4 Kd6 54. f5 gxf5+ 55. Kxf5 Ke7 56. Kg6 Kf8 57. Kh7 1-0